Indian Journal of Engineering and Materials Sciences (IJEMS) (Record no. 9608)
[ view plain ]
| 000 -LEADER | |
|---|---|
| fixed length control field | 00409nam a22001217a 4500 |
| 003 - CONTROL NUMBER IDENTIFIER | |
| control field | OSt |
| 008 - FIXED-LENGTH DATA ELEMENTS--GENERAL INFORMATION | |
| fixed length control field | 201203b ||||| |||| 00| 0 eng d |
| 245 ## - TITLE STATEMENT | |
| Title | Indian Journal of Engineering and Materials Sciences (IJEMS) |
| 250 ## - EDITION STATEMENT | |
| Edition statement | 2017(Apr Vol.24 No.2, Jun Vol.24 No.3, Aug Vol.24 No.4, Oct Vol.24 No.5, Dec Vol.24 No.6) |
| 260 ## - PUBLICATION, DISTRIBUTION, ETC. (IMPRINT) | |
| Place of publication, distribution, etc | New Delhi |
| Name of publisher, distributor, etc | CSIR-NISCAIR |
| 650 ## - SUBJECT ADDED ENTRY--TOPICAL TERM | |
| Topical term or geographic name as entry element | Mechanical Engineering |
| 942 ## - ADDED ENTRY ELEMENTS (KOHA) | |
| Source of classification or shelving scheme | Dewey Decimal Classification |
| Koha item type | BOUND VOLUME |
| Withdrawn status | Lost status | Source of classification or shelving scheme | Materials specified (bound volume or other part) | Damaged status | Not for loan | Collection code | Home library | Current library | Date acquired | Source of acquisition | Serial Enumeration / chronologySerial Enumeration / Volume No. | Total Checkouts | Acc. no. / Barcode | Date last seen | Bill Date | Koha item type |
|---|---|---|---|---|---|---|---|---|---|---|---|---|---|---|---|---|
| Dewey Decimal Classification | Bound Volume | Not For Loan | B.Tech(ME) | PIET C-LIBRARY | PIET C-LIBRARY | 10/12/2020 | CSIR-NISCAIR | 2017(Apr Vol.24 No.2, Jun Vol.24 No.3, Aug Vol.24 No.4, Oct Vol.24 No.5, Dec Vol.24 No.6) | BV213 | 10/12/2020 | 09/01/2017 | BOUND VOLUME |